书目信息 |
| 题名: |
方孝孺
|
|
| 作者: | 吴林 著 | |
| 分册: | ||
| 出版信息: | 西安 陕西师范大学出版总社 2017 |
|
| 页数: | 154页 | |
| 开本: | 24cm | |
| 丛书名: | “大家精要”丛书 | |
| 单 册: | ||
| 中图分类: | K825.6=48 | |
| 科图分类: | ||
| 主题词: | ||
| 电子资源: | ||
| ISBN: | 978-7-5613-9118-1 | |
| 000 | 00901oam2 2200253 450 | |
| 001 | 3549 | |
| 005 | 20180527164808.85 | |
| 010 | @a978-7-5613-9118-1@dCNY20.00 | |
| 100 | @a20180217d2017 em y0chiy50 ea | |
| 101 | 0 | @achi |
| 102 | @aCN@b610000 | |
| 105 | @ay z 000yd | |
| 200 | 1 | @a方孝孺@9fang xiao ru@f吴林著 |
| 210 | @a西安@c陕西师范大学出版总社@d2017 | |
| 215 | @a154页@d24cm | |
| 225 | 1 | @a“大家精要”丛书@i中国人物@i明 |
| 330 | @a本书共分5章,介绍了明初著名理学家方孝孺的生平事迹、政治生涯、思想、成就,内容包括方孝孺生活的时代与地域、方孝孺与三朝帝王、方孝孺的理想思想、方孝孺的政治思想、出入于东坡与龙川之间的文学风格与成就。 | |
| 461 | 0 | @12001 @a“大家精要”丛书 |
| 462 | 0 | @12001 @a中国人物@a明 |
| 600 | 0 | @a方孝孺@f(1357-1402)@x人物研究 |
| 690 | @aK825.6=48@v5 | |
| 701 | 0 | @a吴林@9wu lin@f(1980~)@4著 |
| 801 | 0 | @aCN@b91MARC@c20180217 |
| 905 | @aMuseLib@dK825.6=48@e1101 | |
| 方孝孺/吴林著.-西安:陕西师范大学出版总社,2017 |
| 154页;24cm.-(“大家精要”丛书.中国人物.明) |
| ISBN 978-7-5613-9118-1:CNY20.00 |
| 本书共分5章,介绍了明初著名理学家方孝孺的生平事迹、政治生涯、思想、成就,内容包括方孝孺生活的时代与地域、方孝孺与三朝帝王、方孝孺的理想思想、方孝孺的政治思想、出入于东坡与龙川之间的文学风格与成就。 |
| ● |
| 相关链接 |
|
|
|
|
正题名:方孝孺
索取号:K825.6=48/1101
 
预约/预借
| 序号 | 登录号 | 条形码 | 馆藏地/架位号 | 状态 | 备注 |
| 1 | 1109644 | 211096446 | 第二样本阅览室/ [索取号:K825.6=48/1101] | 在馆 | |
| 2 | 1109645 | 211096455 | 教育系资料室/ [索取号:K825.6=48/1101] | 在馆 | |
| 3 | 1109646 | 211096464 | 教育系资料室/ [索取号:K825.6=48/1101] | 在馆 | |
| 4 | 1109647 | 211096473 | 第二借阅区/ [索取号:K825.6=48/1101] | 在馆 |